02791cam a22003255a 45000010009000000050017000090080041000260100017000670200015000840200018000990400029001170820020001462450123001662600064002893000044003535000023003975040040004205051462004605200113019226100044020356500010020796510010020896530021020997000036021207000035021568560092021919420024022839990017023079520141023241645343620160724105844.0100910s2014 enkad frb 001 0 eng d a 2010038587 a1107417031 a9781107417038 aDLCbengcDLCdEG-ScBUE 04a382.92bGOV22200aGoverning the World Trade Organization :bpast, present and beyond doha /cedited by Thomas Cottier and Manfred Elsig. aCambridge ;aNew York :bCambridge University Press,c2014. axviii, 348 p. :bill., charts ;c24 cm. aIndex : p. 337-348 aIncludes bibligraphical references. aThe origins and back to the future: a conversation with Ambassador / Julio Lacarte -- After globalization? : WTO reform and the new global political economy / Tony McGrew -- Internal measures in the multilateral trading system : where are the borders of the WTO agenda? / Marion Jansen -- Legitimising global economic governance through transnational parliamentarisation: how far have we come? : How much further must we go? / Markus Krajewski -- Adapting to new power balances : institutional reform in the WTO / Amrita Narlikar -- Delegation chains, agenda control, and political mobilisation : how the EU Commission tries to affect domestic mobilisation on the DDA / Bart Kerremans -- Developing countries and monitoring WTO commitments in response to the global economic crisis / Chad Bown -- Exploring the limits of institutional coherence in trade and development / Kent Jones -- The WTO as a 'living instrument': the contribution of consensus decision-making and informality to institutional norms and practices / Mary Footer -- Crisis situations and consensus seeking: adaptive decision making in the FAO and applying its lessons to the reform of the WTO / Robert Kissack -- A post-Montesquieu analysis of the WTO / Steve Charnovitz -- Reforming the WTO : the decision-making triangle revisited / Manfred Elsig and Thomas Cottier -- Barriers to WTO reform : intellectual narrowness and the production of path-dependent thinking / Rorden Wilkinson.  aDiscusses the various challenges the WTO faces and provides policy-relevant ideas to reform WTO governance. 27aWorld Trade Organization.2BUEsh940415 2BUEsh 2BUEsh bLLAAWWcJuly20161 aCottier, Thomas940416eeditor.1 aElsig, Manfred940417eeditor.413Table of contents onlyuhttp://www.loc.gov/catdir/enhancements/fy1101/2010038587-t.html 2ddce22k382.92 GOV c22014d21986 00102ddc40708BaccahaMAINbMAINc1STd2016-07-24ePurchaseg364.00h26080l0o382.92 GOVp000032951r2025-07-15 00:00:00v455.00yBB